Dizionario universale di economia politica e comercio / (Record no. 152279)

MARC details
000 -LEADER
campo de control de longitud fija 00796nam a22002175i 4500
001 - NÚMERO DE CONTROL
campo de control 152279
003 - IDENTIFICADOR DE NÚMERO DE CONTROL
campo de control ES-MaACL
005 - FECHA Y HORA DE LA ÚLTIMA TRANSACCIÓN
campo de control 20230906204623.0
008 - DATOS DE LONGITUD FIJA--INFORMACIÓN GENERAL
campo de control de longitud fija 991015m18811882it |||| | ita d
040 ## - FUENTE DE CATALOGACIÓN
Centro catalogador/agencia de origen M-RAJU
Lengua de catalogación spa
Centro/agencia transcriptor M-RAJU
Centro/agencia modificador CCPB | B
100 1# - ENTRADA PRINCIPAL--NOMBRE DE PERSONA
Nombre de persona Boccardo, Gerolamo.
9 (RLIN) 29664
245 10 - MENCIÓN DEL TÍTULO
Título Dizionario universale di economia politica e comercio /
Mención de responsabilidad, etc. Gerolamo Boccardo.
250 ## - MENCION DE EDICION
Mención de edición 3. ed. rev.
260 ## - PUBLICACIÓN, DISTRIBUCIÓN, ETC.
Lugar de publicación, distribución, etc. Milano :
Nombre del editor, distribuidor, etc. Fratelli Treves, editori,
Fecha de publicación, distribución, etc. 1881-1882.
300 ## - DESCRIPCIÓN FÍSICA
Extensión 2 v. ;
Dimensiones 25 cm.
650 #4 - PUNTO DE ACCESO ADICIONAL DE MATERIA--TÉRMINO DE MATERIA
Término de materia o nombre geográfico como elemento de entrada Economía-
Subdivisión de forma Diccionarios.
9 (RLIN) 221831
650 #4 - PUNTO DE ACCESO ADICIONAL DE MATERIA--TÉRMINO DE MATERIA
Término de materia o nombre geográfico como elemento de entrada Comercio-
Subdivisión de forma Diccionarios.
9 (RLIN) 221834
752 ## - ENTRADA AGREGADA--NOMBRE JERÁRQUICO DEL LUGAR
País o entidad superior Italia -
Ciudad Milán
852 ## - LOCALIZACIÓN
Ubicación ES-MaACL
Número de control de estantería B-11630
Nota libre -- Enc. hol.
condición física -- Sólo t.I (XXIII, 1136 p.)
Encuadernación -- Edic.: Corregir en el tit.: "commercio" en vez de "comercio"
Holdings
Estatus retirado Estado de pérdida Estado de daño No para préstamo Colección Biblioteca de origen Biblioteca actual Ubicación en estantería Fecha de adquisición Fuente de adquisición Total de préstamos Signatura topográfica completa Código de barras Visto por última vez Precio de reemplazo Tipo de ítem Koha
        Libros del s. XIX Biblioteca del Ateneo de Madrid Biblioteca del Ateneo de Madrid Sala Pardo Bazán 17/01/2008     B-11630 1158990 23/02/2023 23/02/2023 Libro impreso antiguo